[Event "Titled Tuesday intern op 21st Dec"]
[Site "Chess.com INT"]
[Date "2021.12.21"]
[Round "9"]
[White "Selkirk, Rebecca"]
[Black "Cella, Glaucio Dalla Cortt"]
[Result "0-1"]
[WhiteElo "1799"]
[BlackElo "1894"]
[PlyCount "104"]
[EventDate "2021.12.21"]
[EventType "swiss (blitz)"]
[EventRounds "11"]
[EventCountry "USA"]
[SourceTitle "CBM 205 Extra"]
[Source "ChessBase"]
[SourceDate "2022.01.31"]
[SourceVersion "1"]
[SourceVersionDate "2022.01.31"]
[SourceQuality "1"]

1. f4 c5 2. e4 Nc6 3. Nf3 d6 4. Bb5 Bg4 5. O-O e6 6. Nc3 Be7 7. d3 Nf6 8. Be3 O-O 9. a3 Nd4 10. Bxd4 cxd4 11. Ne2 Bxf3 12. Rxf3 e5 13. f5 Qb6 14. Bc4 Rfd8 15. Bb3 d5 16. Ng3 dxe4 17. Nxe4 Nxe4 18. dxe4 d3+ 19. Kh1 dxc2 20. Qxc2 Rac8 21. Qe2 Rd4 22. Rh3 g6 23. fxg6 hxg6 24. Qg4 Rc6 25. Rh6 Qxb3 26. Rg1 Qxb2 27. Qh3 Bf6 28. Qf3 Bg7 29. Rh3 Rc1 30. Rh4 Rxg1+ 31. Kxg1 Qc1+ 32. Kf2 Qd2+ 33. Qe2 Qxe2+ 34. Kxe2 Ra4 35. Rh3 f5 36. Rb3 b6 37. exf5 gxf5 38. Kf3 Re4 39. Kg3 Rg4+ 40. Kf3 Kf7 41. h3 Rf4+ 42. Ke3 Re4+ 43. Kf3 Ra4 44. Rc3 Bf6 45. Rc7+ Kg6 46. Kg3 Rxa3+ 47. Kh2 b5 48. Rc6 b4 49. Rc7 b3 50. Rb7 e4 51. Kg3 b2+ 52. Kf2 Ra1 0-1

[Event "Titled Tuesday intern op 21st Dec"]
[Site "Chess.com INT"]
[Date "2021.12.21"]
[Round "9"]
[White "Senthil, Maran K"]
[Black "Degtiarev, Evgeny"]
[Result "1-0"]
[WhiteElo "2220"]
[BlackElo "2380"]
[PlyCount "59"]
[EventDate "2021.12.21"]
[EventType "swiss (blitz)"]
[EventRounds "11"]
[EventCountry "USA"]
[SourceTitle "CBM 205 Extra"]
[Source "ChessBase"]
[SourceDate "2022.01.31"]
[SourceVersion "1"]
[SourceVersionDate "2022.01.31"]
[SourceQuality "1"]

1. d4 d5 2. Nf3 c6 3. c4 Nf6 4. g3 g6 5. Bg2 Bg7 6. O-O O-O 7. Ne5 Nfd7 8. Nxd7 Nxd7 9. cxd5 cxd5 10. Bxd5 Nb6 11. Bg2 Qxd4 12. Qxd4 Bxd4 13. Rd1 Bg7 14. Nc3 Rb8 15. Bf4 e5 16. Be3 f5 17. Nb5 e4 18. Nxa7 Nc4 19. Bd4 Nxb2 20. Bxg7 Kxg7 21. Rd4 Be6 22. f3 Nc4 23. fxe4 f4 24. Nb5 fxg3 25. hxg3 Ne3 26. Nc7 Bf7 27. Rd7 Rfc8 28. Bf3 b5 29. e5 Rb7 30. Bxb7 1-0

[Event "Titled Tuesday intern op 21st Dec"]
[Site "Chess.com INT"]
[Date "2021.12.21"]
[Round "9"]
[White "Sieciechowicz, Marcin"]
[Black "Vlassov, Nikolai"]
[Result "1/2-1/2"]
[WhiteElo "2388"]
[BlackElo "2294"]
[PlyCount "102"]
[EventDate "2021.12.21"]
[EventType "swiss (blitz)"]
[EventRounds "11"]
[EventCountry "USA"]
[SourceTitle "CBM 205 Extra"]
[Source "ChessBase"]
[SourceDate "2022.01.31"]
[SourceVersion "1"]
[SourceVersionDate "2022.01.31"]
[SourceQuality "1"]

1. d4 Nf6 2. c4 Nc6 3. Nc3 e5 4. d5 Ne7 5. Bg5 Ng6 6. h4 h6 7. Bxf6 Qxf6 8. h5 Ne7 9. d6 Qxd6 10. Qxd6 cxd6 11. Nb5 Kd8 12. Nxd6 Rg8 13. Nxf7+ Kc7 14. Nxe5 d5 15. cxd5 Nxd5 16. e4 Bb4+ 17. Kd1 Nf6 18. Rc1+ Kb8 19. f3 Be6 20. Bc4 Rd8+ 21. Kc2 Rd2+ 22. Kb1 Bxc4 23. Rxc4 a5 24. g4 Ra6 25. Nh3 Rad6 26. Nf4 Nd7 27. Nxd7+ Rxd7 28. Nd5 Rf2 29. f4 Rg2 30. g5 hxg5 31. fxg5 Rxg5 32. h6 gxh6 33. Rxh6 Rf7 34. a3 Bf8 35. Rf6 Rxf6 36. Nxf6 Ka7 37. Nd5 Rg2 38. a4 Bg7 39. Rc2 Rg1+ 40. Ka2 Re1 41. Nc3 Bxc3 42. Rxc3 Rxe4 43. b3 b5 44. axb5 Kb6 45. Ka3 Kxb5 46. Rh3 Re5 47. Rd3 Rf5 48. Rc3 Re5 49. Rd3 Rf5 50. Re3 Rg5 51. Rd3 Rf5 1/2-1/2

[Event "Titled Tuesday intern op 21st Dec"]
[Site "Chess.com INT"]
[Date "2021.12.21"]
[Round "9"]
[White "Sowa, Ryan"]
[Black "Arabidze, Meri"]
[Result "0-1"]
[WhiteElo "2067"]
[BlackElo "2413"]
[PlyCount "82"]
[EventDate "2021.12.21"]
[EventType "swiss (blitz)"]
[EventRounds "11"]
[EventCountry "USA"]
[SourceTitle "CBM 205 Extra"]
[Source "ChessBase"]
[SourceDate "2022.01.31"]
[SourceVersion "1"]
[SourceVersionDate "2022.01.31"]
[SourceQuality "1"]

1. Nf3 c5 2. c4 Nc6 3. d4 cxd4 4. Nxd4 d6 5. e4 Nf6 6. Nc3 e6 7. Be2 Be7 8. O-O O-O 9. Be3 Bd7 10. Qd2 a6 11. Nc2 Rc8 12. f3 Qc7 13. Rfd1 Qb8 14. Rac1 Bd8 15. Bf4 Bb6+ 16. Kh1 e5 17. Bg5 Nh5 18. Qxd6 Qxd6 19. Rxd6 Be6 20. Nd5 Bc5 21. Rxc6 bxc6 22. Ne7+ Bxe7 23. Bxe7 Rfe8 24. Bc5 Nf4 25. Bf1 Red8 26. Bb6 Rd7 27. c5 Bxa2 28. Bxa6 Ra8 29. Bf1 Bb3 30. Nb4 Ba4 31. Ra1 Rd1 32. Rxd1 Bxd1 33. Nxc6 Ra1 34. Nxe5 Be2 35. h3 Bxf1 36. Kh2 Bxg2 37. c6 Bxh3 38. Be3 Ng2 39. Bd2 Bc8 40. Kxg2 f6 41. Nd3 Rd1 0-1

[Event "Titled Tuesday intern op 21st Dec"]
[Site "Chess.com INT"]
[Date "2021.12.21"]
[Round "9"]
[White "Sramek, Vojtech"]
[Black "Ward, Ieuan C"]
[Result "1-0"]
[WhiteElo "2230"]
[BlackElo "2028"]
[PlyCount "59"]
[EventDate "2021.12.21"]
[EventType "swiss (blitz)"]
[EventRounds "11"]
[EventCountry "USA"]
[SourceTitle "CBM 205 Extra"]
[Source "ChessBase"]
[SourceDate "2022.01.31"]
[SourceVersion "1"]
[SourceVersionDate "2022.01.31"]
[SourceQuality "1"]

1. e4 c5 2. Nf3 d6 3. d4 cxd4 4. Nxd4 Nf6 5. Nc3 a6 6. Be3 e5 7. Nb3 Be6 8. f3 Nbd7 9. g4 b5 10. g5 Nh5 11. Qd2 b4 12. Nd5 Bxd5 13. exd5 Be7 14. O-O-O O-O 15. Kb1 a5 16. h4 a4 17. Nc1 Ng3 18. Rg1 Nxf1 19. Rdxf1 Rb8 20. b3 Qa5 21. f4 axb3 22. cxb3 Rbc8 23. f5 Kh8 24. f6 gxf6 25. gxf6 Bxf6 26. Rxf6 Nxf6 27. Qf2 Nxd5 28. Qf5 f6 29. Bh6 Rg8 30. Bg7+ 1-0

[Event "Titled Tuesday intern op 21st Dec"]
[Site "Chess.com INT"]
[Date "2021.12.21"]
[Round "9"]
[White "Stankovic, Ivan G"]
[Black "Krivonosov, Oleg"]
[Result "0-1"]
[WhiteElo "2255"]
[BlackElo "2362"]
[PlyCount "99"]
[EventDate "2021.12.21"]
[EventType "swiss (blitz)"]
[EventRounds "11"]
[EventCountry "USA"]
[SourceTitle "CBM 205 Extra"]
[Source "ChessBase"]
[SourceDate "2022.01.31"]
[SourceVersion "1"]
[SourceVersionDate "2022.01.31"]
[SourceQuality "1"]

1. e4 e5 2. d4 exd4 3. Qxd4 Nc6 4. Qe3 Nf6 5. Nc3 Bb4 6. Bd2 O-O 7. O-O-O Re8 8. f3 d5 9. Qf2 d4 10. Nb5 Be6 11. Nxd4 Bxd2+ 12. Rxd2 Nxd4 13. Rxd4 Qe7 14. Kb1 Rad8 15. Ne2 c5 16. Rxd8 Rxd8 17. Nc3 a6 18. Be2 b5 19. e5 Nd5 20. Nxd5 Bxd5 21. Rd1 Qxe5 22. f4 Qe7 23. b3 h6 24. Bg4 Bb7 25. Rxd8+ Qxd8 26. Qxc5 Bxg2 27. Qc8 Qxc8 28. Bxc8 a5 29. Kb2 Kf8 30. c3 Ke7 31. Ba6 Bc6 32. c4 b4 33. a3 Kd6 34. axb4 axb4 35. Kc2 Be4+ 36. Kd2 Kc5 37. Bc8 Kd4 38. Bg4 g5 39. fxg5 hxg5 40. Be2 f5 41. Bf1 f4 42. Be2 f3 43. Bf1 g4 44. c5 Bd5 45. c6 Bxc6 46. Bc4 Bd5 47. Bxd5 Kxd5 48. Ke3 Ke5 49. h3 gxh3 50. Kxf3 0-1

[Event "Titled Tuesday intern op 21st Dec"]
[Site "Chess.com INT"]
[Date "2021.12.21"]
[Round "9"]
[White "Stead, Kerry"]
[Black "Broca Jimenez, Fernando"]
[Result "0-1"]
[WhiteElo "1978"]
[BlackElo "2075"]
[PlyCount "56"]
[EventDate "2021.12.21"]
[EventType "swiss (blitz)"]
[EventRounds "11"]
[EventCountry "USA"]
[SourceTitle "CBM 205 Extra"]
[Source "ChessBase"]
[SourceDate "2022.01.31"]
[SourceVersion "1"]
[SourceVersionDate "2022.01.31"]
[SourceQuality "1"]

1. d4 Nf6 2. f3 d5 3. e4 dxe4 4. Nc3 exf3 5. Nxf3 c5 6. Bb5+ Nbd7 7. dxc5 e6 8. Be3 a6 9. Bxd7+ Bxd7 10. Qe2 Bc6 11. Rd1 Qa5 12. a3 Bxc5 13. b4 Qxa3 14. Bxc5 Qxc3+ 15. Kf2 Ne4+ 16. Kf1 Bb5 17. Rd3 Bxd3 18. cxd3 Nxc5 19. bxc5 Qxc5 20. g3 Qc1+ 21. Kg2 Qc6 22. Re1 O-O 23. Kf1 Rfd8 24. d4 b5 25. Qf2 Qc4+ 26. Kg2 b4 27. Ng5 Qd5+ 28. Nf3 b3 0-1

[Event "Titled Tuesday intern op 21st Dec"]
[Site "Chess.com INT"]
[Date "2021.12.21"]
[Round "9"]
[White "Terletsky, Oleg"]
[Black "Kett, Timothy"]
[Result "1-0"]
[WhiteElo "2154"]
[BlackElo "2136"]
[PlyCount "67"]
[EventDate "2021.12.21"]
[EventType "swiss (blitz)"]
[EventRounds "11"]
[EventCountry "USA"]
[SourceTitle "CBM 205 Extra"]
[Source "ChessBase"]
[SourceDate "2022.01.31"]
[SourceVersion "1"]
[SourceVersionDate "2022.01.31"]
[SourceQuality "1"]

1. e4 e5 2. Nf3 Nc6 3. Nc3 f5 4. d4 fxe4 5. Nxe5 Nf6 6. Bc4 d5 7. Bb5 Bd7 8. Nxd7 Qxd7 9. O-O Bd6 10. Bg5 O-O 11. Ne2 Qg4 12. Bxf6 Rxf6 13. Ng3 Qh4 14. Qh5 Bxg3 15. Qxd5+ Kh8 16. fxg3 Qh6 17. Qxe4 Raf8 18. Rxf6 Qxf6 19. Rf1 Qd8 20. Rxf8+ Qxf8 21. Bxc6 bxc6 22. h3 h6 23. c3 Qf7 24. Qxc6 Qxa2 25. Qxc7 Qxb2 26. Kh2 Qd2 27. Qxa7 Qxc3 28. Qc5 Qe3 29. Qe5 Qd3 30. d5 Kg8 31. d6 Qb5 32. Qe6+ Kh7 33. d7 Qb6 34. Qxb6 1-0

[Event "Titled Tuesday intern op 21st Dec"]
[Site "Chess.com INT"]
[Date "2021.12.21"]
[Round "9"]
[White "Tsatsalashvili, Ketevan"]
[Black "Martin Carmona, Gaston Manuel"]
[Result "0-1"]
[WhiteElo "2331"]
[BlackElo "2362"]
[PlyCount "56"]
[EventDate "2021.12.21"]
[EventType "swiss (blitz)"]
[EventRounds "11"]
[EventCountry "USA"]
[SourceTitle "CBM 205 Extra"]
[Source "ChessBase"]
[SourceDate "2022.01.31"]
[SourceVersion "1"]
[SourceVersionDate "2022.01.31"]
[SourceQuality "1"]

1. d4 Nf6 2. c4 g6 3. Nc3 Bg7 4. e4 d6 5. Nf3 O-O 6. h3 e5 7. d5 Nh5 8. Be3 Qe8 9. Be2 f5 10. exf5 gxf5 11. Nh2 Nf4 12. Bf3 e4 13. Bxf4 exf3+ 14. Kf1 fxg2+ 15. Kxg2 Bd7 16. Nf3 Qh5 17. Ng5 Qh4 18. Qf3 Na6 19. Qg3 Qxg3+ 20. Kxg3 Nc5 21. Rae1 Rae8 22. Nb5 Bxb5 23. cxb5 Bxb2 24. Be3 f4+ 25. Bxf4 Rxe1 26. Rxe1 Rxf4 27. Re8+ Rf8 28. Re7 Bf6 0-1

[Event "Titled Tuesday intern op 21st Dec"]
[Site "Chess.com INT"]
[Date "2021.12.21"]
[Round "9"]
[White "Van den Dikkenberg, Erik"]
[Black "Buchenau, Frank"]
[Result "1-0"]
[WhiteElo "2158"]
[BlackElo "2265"]
[PlyCount "93"]
[EventDate "2021.12.21"]
[EventType "swiss (blitz)"]
[EventRounds "11"]
[EventCountry "USA"]
[SourceTitle "CBM 205 Extra"]
[Source "ChessBase"]
[SourceDate "2022.01.31"]
[SourceVersion "1"]
[SourceVersionDate "2022.01.31"]
[SourceQuality "1"]

1. e4 e6 2. d4 d5 3. Nc3 Nf6 4. e5 Nfd7 5. f4 c5 6. Nf3 Nc6 7. Be3 a6 8. Be2 b5 9. Qd2 Qb6 10. O-O-O cxd4 11. Nxd4 Bc5 12. Kb1 O-O 13. h4 Bb7 14. h5 f6 15. Nxe6 Bxe3 16. Nxd5 Bxd2 17. Nxb6 Nxb6 18. Nxf8 Bxf4 19. Nd7 Na4 20. exf6 Ne5 21. Nxe5 Bxe5 22. fxg7 Bxb2 23. h6 Be5 24. Rd7 Nc3+ 25. Kc1 Nxe2+ 26. Kd2 Bxg2 27. Re1 Bc3+ 28. Kxe2 Re8+ 29. Kf2 Bxe1+ 30. Kxg2 Bh4 31. Rd6 a5 32. Rd5 Rb8 33. Kf3 Kf7 34. Kg4 Bf6 35. Kf5 Be7 36. Rd7 a4 37. Ra7 Rc8 38. Rb7 Rc5+ 39. Ke4 Rg5 40. Kd3 Ke6 41. c4 b4 42. Rb6+ Kd7 43. Rb7+ Kd6 44. Rb6+ Kc5 45. Rb5+ Kd6 46. Rxg5 Bxg5 47. g8=Q 1-0

[Event "Titled Tuesday intern op 21st Dec"]
[Site "Chess.com INT"]
[Date "2021.12.21"]
[Round "9"]
[White "Winkels, Marcel"]
[Black "Antonova, Nadezhda"]
[Result "0-1"]
[WhiteElo "1979"]
[BlackElo "1842"]
[PlyCount "80"]
[EventDate "2021.12.21"]
[EventType "swiss (blitz)"]
[EventRounds "11"]
[EventCountry "USA"]
[SourceTitle "CBM 205 Extra"]
[Source "ChessBase"]
[SourceDate "2022.01.31"]
[SourceVersion "1"]
[SourceVersionDate "2022.01.31"]
[SourceQuality "1"]

1. e4 c5 2. Nf3 d6 3. d4 cxd4 4. Nxd4 Nf6 5. f3 a6 6. c4 e6 7. Nc3 Be7 8. Be2 Nbd7 9. O-O Qc7 10. b3 b5 11. Bb2 b4 12. Na4 Bb7 13. Rc1 O-O 14. Kh1 Nc5 15. Nxc5 dxc5 16. Nc2 Rfd8 17. Qe1 Bd6 18. g3 Be5 19. Bxe5 Qxe5 20. Ne3 a5 21. Qf2 Rd2 22. Rc2 Nxe4 23. Qg1 Rxc2 24. Nxc2 Nc3 25. Bd3 Nxa2 26. Qe3 Qxe3 27. Nxe3 Nc3 28. Bc2 Ne2 29. Kg2 Nd4 30. Bd1 f6 31. g4 Kf7 32. Kg3 Bc6 33. h4 a4 34. bxa4 Bxa4 35. g5 Bxd1 36. Rxd1 Ra3 37. Re1 Rc3 38. Kf2 Nc2 39. Rc1 Nxe3 40. Rxc3 Nd1+ 0-1

[Event "Titled Tuesday intern op 21st Dec"]
[Site "Chess.com INT"]
[Date "2021.12.21"]
[Round "9"]
[White "Yakimova, Mariya"]
[Black "Golubenko, Valentina"]
[Result "1-0"]
[WhiteElo "2198"]
[BlackElo "2209"]
[PlyCount "161"]
[EventDate "2021.12.21"]
[EventType "swiss (blitz)"]
[EventRounds "11"]
[EventCountry "USA"]
[SourceTitle "CBM 205 Extra"]
[Source "ChessBase"]
[SourceDate "2022.01.31"]
[SourceVersion "1"]
[SourceVersionDate "2022.01.31"]
[SourceQuality "1"]

1. d4 g6 2. c4 Bg7 3. Nc3 c5 4. d5 e6 5. e4 exd5 6. cxd5 d6 7. Nf3 Nf6 8. Be2 O-O 9. O-O a6 10. a4 Nbd7 11. Re1 Re8 12. Bf1 Qc7 13. h3 Rb8 14. Bf4 c4 15. e5 dxe5 16. d6 Qa5 17. Bd2 Qb6 18. Be3 Qxb2 19. Nd5 Nxd5 20. Qxd5 e4 21. Ng5 Qf6 22. Bxc4 Ne5 23. Nxe4 Qf5 24. Ng3 Qf6 25. Bf1 Be6 26. Qd1 Qd8 27. a5 Qd7 28. Bb6 Nc6 29. Rc1 h5 30. Ne4 Bf5 31. Nc5 Qc8 32. Rxe8+ Qxe8 33. d7 Qf8 34. Nxa6 bxa6 35. Rxc6 Be5 36. Be2 Qe7 37. Rc8+ Rxc8 38. dxc8=Q+ Bxc8 39. Bf3 Be6 40. Qd8+ Qxd8 41. Bxd8 Bc3 42. Bb6 Bc4 43. g3 Bb5 44. h4 Kg7 45. Kg2 Kf6 46. Bd5 Ke5 47. Bxf7 Bd3 48. Be8 Bf5 49. Bc6 Kd6 50. Bb7 Bd3 51. Kf3 Bb4 52. Be4 Bc5 53. Bxd3 Bb4 54. Bxa6 Kc6 55. Bd3 Kb7 56. Bxg6 Ka6 57. Bxh5 Bd6 58. Bg6 Be7 59. h5 Bg5 60. h6 Bxh6 61. Kg4 Bd2 62. f4 Bc3 63. f5 Bb2 64. Kg5 Bc1+ 65. Kh5 Bb2 66. g4 Kb5 67. g5 Be5 68. f6 Kc6 69. f7 Bd6 70. Bf5 Bf8 71. g6 Kb7 72. Kg5 Be7+ 73. Kh6 Kc6 74. g7 Bg5+ 75. Kxg5 Kb5 76. f8=Q Ka6 77. Bd3+ Kb7 78. Qe7+ Kc6 79. Qc5+ Kb7 80. Qc7+ Ka8 81. Qa7# 1-0

[Event "Titled Tuesday intern op 21st Dec"]
[Site "Chess.com INT"]
[Date "2021.12.21"]
[Round "9"]
[White "Zherebtsova, Alexandra"]
[Black "Chernyavsky, Alexander"]
[Result "1-0"]
[WhiteElo "2182"]
[BlackElo "2327"]
[PlyCount "51"]
[EventDate "2021.12.21"]
[EventType "swiss (blitz)"]
[EventRounds "11"]
[EventCountry "USA"]
[SourceTitle "CBM 205 Extra"]
[Source "ChessBase"]
[SourceDate "2022.01.31"]
[SourceVersion "1"]
[SourceVersionDate "2022.01.31"]
[SourceQuality "1"]

1. d4 Nf6 2. Nf3 d5 3. c4 e6 4. e3 Be7 5. Nbd2 O-O 6. b3 a5 7. a3 c5 8. Bb2 Nc6 9. Bd3 cxd4 10. Nxd4 Qc7 11. Rc1 e5 12. Nb5 Qb8 13. cxd5 Nxd5 14. Qc2 g6 15. Nc4 Rd8 16. Rd1 Be6 17. h4 a4 18. h5 axb3 19. Qb1 f5 20. hxg6 hxg6 21. g4 e4 22. gxf5 gxf5 23. Bxe4 fxe4 24. Qxe4 Nf4 25. Rh8+ Kf7 26. Qh7# 1-0

[Event "Titled Tuesday intern op 21st Dec"]
[Site "Chess.com INT"]
[Date "2021.12.21"]
[Round "10"]
[White "Avazkhonov, Alikhon"]
[Black "Quirke, Jeffrey"]
[Result "0-1"]
[WhiteElo "1538"]
[BlackElo "2086"]
[PlyCount "84"]
[EventDate "2021.12.21"]
[EventType "swiss (blitz)"]
[EventRounds "11"]
[EventCountry "USA"]
[SourceTitle "CBM 205 Extra"]
[Source "ChessBase"]
[SourceDate "2022.01.31"]
[SourceVersion "1"]
[SourceVersionDate "2022.01.31"]
[SourceQuality "1"]

1. f4 c5 2. Nf3 g6 3. g3 Bg7 4. Bg2 Nc6 5. O-O e6 6. d3 Nge7 7. e4 O-O 8. c3 d6 9. d4 cxd4 10. cxd4 d5 11. e5 Qb6 12. Nc3 Nf5 13. Ne2 h5 14. b3 Bd7 15. Qd2 f6 16. Ba3 Rf7 17. Bc5 Qa6 18. a4 b6 19. Ba3 Na5 20. Rfb1 Rc8 21. Bf1 Qb7 22. exf6 Bxf6 23. Ne5 Rg7 24. Qd3 g5 25. Rc1 h4 26. Kf2 Rf8 27. Bxf8 Kxf8 28. b4 Bxe5 29. bxa5 Bb8 30. a6 Qa8 31. Rc2 hxg3+ 32. hxg3 gxf4 33. Nxf4 Nxg3 34. Ng6+ Kf7 35. Ne5+ Bxe5 36. dxe5 Ne4+ 37. Ke1 Qh8 38. Qf3+ Ke7 39. Rc7 Qh4+ 40. Kd1 Nf2+ 41. Ke2 Ne4 42. Rac1 Qh2+ 0-1

[Event "Titled Tuesday intern op 21st Dec"]
[Site "Chess.com INT"]
[Date "2021.12.21"]
[Round "10"]
[White "Begunov, Konstantin"]
[Black "Stankovic, Ivan G"]
[Result "1-0"]
[WhiteElo "2325"]
[BlackElo "2255"]
[PlyCount "25"]
[EventDate "2021.12.21"]
[EventType "swiss (blitz)"]
[EventRounds "11"]
[EventCountry "USA"]
[SourceTitle "CBM 205 Extra"]
[Source "ChessBase"]
[SourceDate "2022.01.31"]
[SourceVersion "1"]
[SourceVersionDate "2022.01.31"]
[SourceQuality "1"]

1. d4 d5 2. c4 c6 3. Nc3 Nf6 4. Nf3 a6 5. cxd5 cxd5 6. Bf4 Nc6 7. e3 Bf5 8. Ne5 Rc8 9. Qb3 Na5 10. Qa4+ b5 11. Nxb5 Bd7 12. Nxd7 Qxd7 13. Qxa5 1-0

[Event "Titled Tuesday intern op 21st Dec"]
[Site "Chess.com INT"]
[Date "2021.12.21"]
[Round "10"]
[White "Bifulco, Michel"]
[Black "Karpov, Vadim"]
[Result "1-0"]
[WhiteElo "2338"]
[BlackElo "2345"]
[PlyCount "69"]
[EventDate "2021.12.21"]
[EventType "swiss (blitz)"]
[EventRounds "11"]
[EventCountry "USA"]
[SourceTitle "CBM 205 Extra"]
[Source "ChessBase"]
[SourceDate "2022.01.31"]
[SourceVersion "1"]
[SourceVersionDate "2022.01.31"]
[SourceQuality "1"]

1. d4 Nf6 2. Nc3 e6 3. Bf4 d5 4. Nb5 Na6 5. e3 Be7 6. Nf3 O-O 7. c3 c5 8. Bd3 Bd7 9. a4 c4 10. Bc2 Bxb5 11. axb5 Nc7 12. b3 cxb3 13. Bd3 a6 14. bxa6 Nxa6 15. Qxb3 Ne4 16. O-O Ra7 17. c4 dxc4 18. Bxc4 Qa8 19. Bxe6 Nb4 20. Rxa7 Qxa7 21. Bc4 Nc6 22. Qd3 Nd6 23. Bb3 Nb4 24. Qb1 Qa3 25. Ne5 Rc8 26. Nd3 Nc6 27. Nc5 b6 28. Bxd6 bxc5 29. Bxf7+ Kxf7 30. Qf5+ Bf6 31. Qxc8 Ne7 32. Qxc5 Qd3 33. Rc1 h6 34. Bxe7 Bxe7 35. Qc4+ 1-0

[Event "Titled Tuesday intern op 21st Dec"]
[Site "Chess.com INT"]
[Date "2021.12.21"]
[Round "10"]
[White "Buksa, Nataliya"]
[Black "Csonka, Balazs"]
[Result "0-1"]
[WhiteElo "2401"]
[BlackElo "2480"]
[PlyCount "170"]
[EventDate "2021.12.21"]
[EventType "swiss (blitz)"]
[EventRounds "11"]
[EventCountry "USA"]
[SourceTitle "CBM 205 Extra"]
[Source "ChessBase"]
[SourceDate "2022.01.31"]
[SourceVersion "1"]
[SourceVersionDate "2022.01.31"]
[SourceQuality "1"]

1. e4 e5 2. Nf3 Nc6 3. Bb5 a6 4. Ba4 Nf6 5. O-O Be7 6. Re1 b5 7. Bb3 d6 8. c3 O-O 9. h3 Nb8 10. d4 Nbd7 11. Nbd2 Bb7 12. Bc2 Re8 13. b3 c6 14. Nf1 Bf8 15. Ng3 g6 16. Bg5 h6 17. Be3 Bg7 18. Qd2 Kh7 19. Rad1 Qc7 20. Nh2 Rad8 21. Ng4 Nxg4 22. hxg4 Nf6 23. g5 Ng4 24. gxh6 Nxe3 25. hxg7 Nxd1 26. Rxd1 Qe7 27. Qe3 Kxg7 28. f4 Qh4 29. Rf1 Rh8 30. f5 c5 31. f6+ Kg8 32. d5 Bc8 33. a4 bxa4 34. bxa4 Bd7 35. Rb1 Qxf6 36. Rb7 Kg7 37. a5 Qf4 38. Qxf4 exf4 39. Ne2 g5 40. Bd3 Kf6 41. Bxa6 Bc8 42. Rb6 Bxa6 43. Rxa6 Ke5 44. Kf2 Ra8 45. Rb6 Rxa5 46. Ng1 Ra2+ 47. Kf1 Kxe4 48. Rb1 Kxd5 49. Nf3 Rh1+ 50. Ng1 Rxg1+ 51. Kxg1 Rc2 52. Rd1+ Kc6 53. Re1 Rxc3 54. Re8 f5 55. Rc8+ Kd5 56. Rf8 Ke4 57. Re8+ Kd5 58. Rf8 Ke6 59. Re8+ Kf6 60. Rf8+ Kg6 61. Rg8+ Kf7 62. Rd8 Rd3 63. Kf2 d5 64. Ke2 c4 65. Rc8 g4 66. Rc7+ Kf6 67. Rc8 f3+ 68. gxf3 Rxf3 69. Rd8 Rd3 70. Rd6+ Kg5 71. Rd8 Kf4 72. Re8 g3 73. Rg8 Rd4 74. Rg7 c3 75. Rc7 Rc4 76. Rh7 c2 77. Kd3 Kf3 78. Rh1 Kg2 79. Rc1 f4 80. Ke2 f3+ 81. Kd2 f2 82. Ke3 f1=Q 83. Rxf1 Kxf1 84. Kd2 c1=Q+ 85. Kd3 Qc3# 0-1

[Event "Titled Tuesday intern op 21st Dec"]
[Site "Chess.com INT"]
[Date "2021.12.21"]
[Round "10"]
[White "Bykovskiy, Oleg"]
[Black "Kekic, Armin"]
[Result "1-0"]
[WhiteElo "2199"]
[BlackElo "2164"]
[PlyCount "77"]
[EventDate "2021.12.21"]
[EventType "swiss (blitz)"]
[EventRounds "11"]
[EventCountry "USA"]
[SourceTitle "CBM 205 Extra"]
[Source "ChessBase"]
[SourceDate "2022.01.31"]
[SourceVersion "1"]
[SourceVersionDate "2022.01.31"]
[SourceQuality "1"]

1. e4 c5 2. Be2 d6 3. f4 Nc6 4. Nf3 g6 5. O-O Bg7 6. c3 d5 7. e5 h5 8. d4 Qb6 9. Na3 cxd4 10. cxd4 a6 11. Nc2 Nh6 12. Ne3 Qd8 13. Qb3 Nf5 14. Nxf5 Bxf5 15. Be3 Qd7 16. Rac1 O-O 17. Nh4 Rfd8 18. Nxf5 Qxf5 19. Bd3 Qd7 20. f5 gxf5 21. Bxf5 e6 22. Bb1 Ne7 23. Qd1 Rac8 24. Rxc8 Rxc8 25. Qxh5 Nf5 26. Bxf5 exf5 27. Qxf5 Qxf5 28. Rxf5 Kf8 29. Rf1 Rc2 30. Rc1 Rxb2 31. Rc8+ Ke7 32. Rg8 Rxa2 33. Rxg7 b5 34. Rg8 b4 35. Rb8 a5 36. h4 Ra3 37. Bg5+ Ke6 38. h5 Rg3 39. Bd8 1-0

[Event "Titled Tuesday intern op 21st Dec"]
[Site "Chess.com INT"]
[Date "2021.12.21"]
[Round "10"]
[White "Costachi, Mihnea"]
[Black "Shyam, Nikil P"]
[Result "0-1"]
[WhiteElo "2463"]
[BlackElo "2442"]
[PlyCount "98"]
[EventDate "2021.12.21"]
[EventType "swiss (blitz)"]
[EventRounds "11"]
[EventCountry "USA"]
[SourceTitle "CBM 205 Extra"]
[Source "ChessBase"]
[SourceDate "2022.01.31"]
[SourceVersion "1"]
[SourceVersionDate "2022.01.31"]
[SourceQuality "1"]

1. e4 c5 2. Nc3 a6 3. g3 b5 4. Bg2 Bb7 5. d3 d6 6. f4 g6 7. Nf3 Bg7 8. O-O Nc6 9. Rb1 Nd4 10. Be3 b4 11. Ne2 Nxf3+ 12. Bxf3 a5 13. d4 cxd4 14. Bxd4 e5 15. fxe5 dxe5 16. Be3 Nf6 17. Qxd8+ Rxd8 18. Bb6 Ra8 19. Rbe1 O-O 20. Nc1 Rfc8 21. Rf2 Ra6 22. Be3 Nxe4 23. Rfe2 Nd6 24. Bxb7 Nxb7 25. Rd1 Rac6 26. Rd7 Nd6 27. Nb3 Nc4 28. Bc1 a4 29. Na1 e4 30. Rxe4 a3 31. bxa3 Bxa1 32. axb4 Nb6 33. Rb7 Rxc2 34. Bh6 Nd5 35. a4 Ra2 36. Rc4 Re8 37. Re4 Ra8 38. a5 Bc3 39. Rd7 Nf6 40. Rc4 Nxd7 41. Rxc3 Rb2 42. Rc4 Ne5 43. Re4 Nc6 44. Rc4 Nxb4 45. h4 Nd5 46. a6 Ra2 47. Rd4 Ne7 48. Rd7 Nf5 49. Ra7 Rxa7 0-1

[Event "Titled Tuesday intern op 21st Dec"]
[Site "Chess.com INT"]
[Date "2021.12.21"]
[Round "10"]
[White "Diaz Camallonga, Carles"]
[Black "Rozhkov, Viacheslav"]
[Result "1-0"]
[WhiteElo "2463"]
[BlackElo "2248"]
[PlyCount "79"]
[EventDate "2021.12.21"]
[EventType "swiss (blitz)"]
[EventRounds "11"]
[EventCountry "USA"]
[SourceTitle "CBM 205 Extra"]
[Source "ChessBase"]
[SourceDate "2022.01.31"]
[SourceVersion "1"]
[SourceVersionDate "2022.01.31"]
[SourceQuality "1"]

1. e4 c5 2. Nf3 d6 3. Bb5+ Nd7 4. d4 cxd4 5. Qxd4 a6 6. Bxd7+ Bxd7 7. c4 e5 8. Qd3 h6 9. Nc3 Rc8 10. a4 Be6 11. b3 Nf6 12. O-O Be7 13. Rd1 O-O 14. Ba3 Rc6 15. Nxe5 dxe5 16. Qxd8 Bxd8 17. Bxf8 Ba5 18. b4 Kxf8 19. bxa5 Rxc4 20. Rdc1 Nxe4 21. Nxe4 Rxe4 22. Rc7 Bd5 23. Rd1 Rxa4 24. f3 Rxa5 25. Rd7 Bc6 26. Rc7 g6 27. h4 h5 28. Kf2 Ra2+ 29. Kg3 a5 30. Re1 e4 31. fxe4 a4 32. Rf1 a3 33. Rfxf7+ Ke8 34. Rh7 Kd8 35. Rcg7 Re2 36. Rh8+ Be8 37. Rxb7 a2 38. Ra7 Re3+ 39. Kf4 Rxe4+ 40. Kxe4 1-0